Highest GDP by State/Region Quiz Stats

 Plays Quiz not verified by Sporcle

Challenge
Share
Tweet
Embed
Score 0/30 Timer 06:00
0 Plays Today
GDP (in million) State/Region % Correct
1,021,944New York
99%
1,856,500California
92.2%
1,065,891Texas
87.5%
713,505Florida
83.9%
1,315,000Tokyo Prefecture
80.7%
589,598Illinois
78.6%
510,293Pennsylvania
76%
337,570Massachusetts
74.5%
461,302Ohio
72.9%
379,550Georgia
72.9%
2,280,000England
71.9%
369,260Virginia
68.2%
381,003Michigan
66.1%
434,177New Jersey
65.6%
374,525North Carolina
64.6%
GDP (in million) State/Region % Correct
540,079Ontario
63%
305,437New South Wales
57.8%
512,072São Paulo state
50.5%
606,794Bavaria
49%
326,609Osaka Prefecture
46.4%
296,768Rio de Janeiro state
43.8%
314,360Catalonia
35.9%
740,264Île-de-France
31.8%
418,642Lombardy
29.2%
572,121Guangdong
22.4%
745,601North Rhine-Westphalia
20.8%
501,124Baden-Württemberg
19.3%
494,881Shandong
13%
498,627Jiangsu
10.4%
334,247Zhejiang
10.4%

You're not logged in!

Compare scores with friends on all Sporcle quizzes.
OR
Log In

You Might Also Like...

Show Comments

Extras

Top Quizzes Today


Score Distribution

Your Account Isn't Verified!

In order to create a playlist on Sporcle, you need to verify the email address you used during registration. Go to your Sporcle Settings to finish the process.

Report this User

Report this user for behavior that violates our Community Guidelines.

Details: